Menjana jiwa yang luhur dan kental / (Record no. 1057)

000 -LEADER
fixed length control field nam a22 a 4500
003 - CONTROL NUMBER IDENTIFIER
control field AKMAL
005 - DATE AND TIME OF LATEST TRANSACTION
control field 20170508114803.0
008 - FIXED-LENGTH DATA ELEMENTS--GENERAL INFORMATION
fixed length control field 170508s2000 my 00 may d
020 ## - INTERNATIONAL STANDARD BOOK NUMBER
International Standard Book Number 983214938X (kkt.):
Terms of availability RM13.00
040 ## - CATALOGING SOURCE
Original cataloging agency AKMAL
Transcribing agency AKMAL
082 04 - DEWEY DECIMAL CLASSIFICATION NUMBER
Classification number 297.24 MEN
Edition number 21
090 00 - LOCALLY ASSIGNED LC-TYPE CALL NUMBER (OCLC); LOCAL CALL NUMBER (RLIN)
Classification number (OCLC) (R) ; Classification number, CALL (RLIN) (NR) 297.57
Local cutter number (OCLC) ; Book number/undivided call number, CALL (RLIN) MEN
245 00 - TITLE STATEMENT
Title Menjana jiwa yang luhur dan kental /
Statement of responsibility, etc. susunan Amina Hj Noor
260 ## - PUBLICATION, DISTRIBUTION, ETC.
Place of publication, distribution, etc. Batu Caves :
Name of publisher, distributor, etc. Penerbitan Darul Iman,
Date of publication, distribution, etc. 2000
300 00 - PHYSICAL DESCRIPTION
Extent vii, 213ms. ;
Dimensions 23cm
650 #0 - SUBJECT ADDED ENTRY--TOPICAL TERM
Topical term or geographic name entry element Islam
General subdivision Customs and practices
9 (RLIN) 1330
650 #0 - SUBJECT ADDED ENTRY--TOPICAL TERM
Topical term or geographic name entry element Religious life
General subdivision Islam
9 (RLIN) 819
700 0# - ADDED ENTRY--PERSONAL NAME
Personal name Amina Hj. Noor,
Dates associated with a name 1948-
9 (RLIN) 1362
942 ## - ADDED ENTRY ELEMENTS (KOHA)
Source of classification or shelving scheme
Koha item type Book
Holdings
Withdrawn status Lost status Source of classification or shelving scheme Damaged status Not for loan Collection code Home library Current library Shelving location Date acquired Inventory number Total Checkouts Full call number Barcode Date last seen Price effective from Koha item type
          NON-FICTION AKMAL Melaka AKMAL Melaka PINJAMAN 08.05.2017 200753   297.24 MEN 201702142 08.05.2017 08.05.2017 Book
          NON-FICTION AKMAL Melaka AKMAL Melaka PINJAMAN 08.05.2017 200626   297.24 MEN 201702286 08.05.2017 08.05.2017 Book
Pusat Sumber Maklumat Dato' Haji Sarmin Md Hussin, Akademi Kastam Diraja Malaysia, Melaka
Tel: 06-2331106 | Faks: 06-2313787